[Event "New England Club Championship"]
[Site "SchemingMind.com"]
[Date "2012.03.24"]
[Round "-"]
[White "Professor"]
[Black "AussieMossie"]
[Result "0-1"]
[WhiteCountry "USA"]
[BlackCountry "AUS"]
[WhiteElo "2340"]
[WhiteRD "88"]
[BlackElo "2287"]
[BlackRD "100"]
[GameID "306399"]

1. e4 c5 2. Nc3 Nc6 3. g3 g6 4. Bg2 Nf6 5. d3 d6 6. Nge2 Bg7 7. h3 Bd7 8. Be3 Qb6 9. Rb1 Qa6 10. O-O O-O
11. f4 Ne8 12. Qd2 Nc7 13. a3 Nd4 14. g4 Rac8 15. f5 Be5 16. Bh6 Rfe8 17. fxg6 hxg6 18. Bf4 Nce6 19. Bxe5 dxe5 20. Nd5 Qd6
21. c3 Nxe2+ 22. Qxe2 Bc6 23. Qe3 Kg7 24. Rf2 f6 25. h4 Rh8 26. Qg3 Bxd5 27. exd5 Nf4 28. Re1 c4 29. dxc4 Nxg2 30. Rxg2 Rxc4
31. Rd1 Rf4 32. Rf2 Qb6 33. Kg2 Re4 34. Rdd2 Qa6 35. d6 exd6 36. b3 Qxa3 37. c4 b5 38. h5 Qa6 39. Ra2 Qb7 40. Kf1 Rf4
41. Rxf4 exf4 42. Qg2 f3 43. Qf2 a6 44. Qd4 gxh5 45. g5 Rf8 46. Kf2 bxc4 47. Ra5 Qe7 48. gxf6+ Qxf6 49. Qxf6+ Rxf6 50. bxc4 h4
51. Rxa6 h3 52. Ra1 h2 53. Rh1 Rh6 54. Kxf3 Kf6
0-1

[Event "New England Club Championship"]
[Site "SchemingMind.com"]
[Date "2012.07.04"]
[Round "-"]
[White "AussieMossie"]
[Black "JasonY1982"]
[Result "1-0"]
[WhiteCountry "AUS"]
[BlackCountry "USA"]
[WhiteElo "2323"]
[WhiteRD "103"]
[BlackElo "2113"]
[BlackRD "108"]
[GameID "313542"]

1. e4 c5 2. Nf3 d6 3. d4 cxd4 4. Nxd4 Nf6 5. Nc3 a6 6. Bg5 e6 7. f4 Be7 8. Qf3 Qc7 9. O-O-O Nbd7 10. g4 b5
11. Bxf6 Nxf6 12. g5 Nd7 13. f5 Nc5 14. f6 gxf6 15. gxf6 Bf8 16. a3 Bb7 17. Bh3 Rg8 18. Bg4 Rg6 19. Rhf1 Rc8 20. Kb1 Na4
21. Nxa4 bxa4 22. Qh3 Rh6 23. Bh5 Qd7 24. Nxe6 Bxe4 25. Bxf7+ Qxf7 26. Ng7+ Kd8 27. Qxh6 Bxc2+ 28. Ka1 Bxd1 29. Rxd1 Kc7 30. Qf4 Kb7
31. Re1 Rc7 32. Ne6 Rd7 33. Qxa4 Bh6 34. Nd8+
1-0

[Event "New England Club Championship"]
[Site "SchemingMind.com"]
[Date "2012.07.03"]
[Round "-"]
[White "JasonY1982"]
[Black "AussieMossie"]
[Result "0-1"]
[WhiteCountry "USA"]
[BlackCountry "AUS"]
[WhiteElo "2113"]
[WhiteRD "108"]
[BlackElo "2323"]
[BlackRD "103"]
[GameID "313547"]

1. e4 c5 2. Nf3 e6 3. d4 cxd4 4. Nxd4 a6 5. Bd3 Bc5 6. Nb3 Ba7 7. Nc3 Nc6 8. Qe2 d6 9. Be3 Bxe3 10. Qxe3 Nf6
11. O-O-O e5 12. Be2 Be6 13. Rhg1 Qc7 14. g4 h6 15. h4 O-O-O 16. g5 hxg5 17. hxg5 Nd7 18. g6 f5 19. exf5 Bxb3 20. axb3 Nf6
21. Bc4 Nd4 22. f4 b5 23. Bd3 b4 24. Ne4 Qb6 25. Kb1 Nd5 26. Qf2 Nxf4 27. Bf1 Kc7 28. f6 d5 29. fxg7 Rhg8 30. Ng5 Nc6
31. Qxb6+ Kxb6 32. Nh3 Nxh3 33. Bxh3 Rd6
0-1